[Event "Titled Tuesday intern op 23rd Apr Late"]
[Site "Chess.com INT"]
[Date "2024.04.23"]
[Round "5"]
[White "Baskakov, Egor"]
[Black "Shoker, Samy"]
[Result "1-0"]
[WhiteElo "2215"]
[BlackElo "2473"]
[PlyCount "99"]
[EventDate "2024.04.23"]
[EventType "swiss (blitz)"]
[EventRounds "11"]
[EventCountry "USA"]
[SourceTitle "CB18_2024"]
[SourceDate "2024.05.01"]
[SourceVersion "1"]
[SourceVersionDate "2024.05.01"]
[SourceQuality "2"]

1. e4 c5 2. Nf3 d6 3. d4 cxd4 4. Nxd4 Nf6 5. Nc3 a6 6. a4 g6 7. g3 Bg7 8. Nde2 0-0 9. Bg2 Nc6 10. Nd5 Rb8 11. h3 Nd7 12. 0-0 b6 13. c3 Bb7 14. Be3 Re8 15. Re1 e6 16. Ndf4 Qc7 17. b3 Rbc8 18. Rc1 Nde5 19. Nd4 Na5 20. h4 h5 21. c4 Ng4 22. Nh3 Nxe3 23. Rxe3 Bh6 24. Ng5 Qc5 25. Rd3 Bxg5 26. hxg5 Qxg5 27. Nf3 Qe7 28. Rxd6 Rcd8 29. e5 Bxf3 30. Bxf3 Qg5 31. Rc3 Rb8 32. Qd4 b5 33. axb5 axb5 34. c5 b4 35. Re3 Qf5 36. Kg2 Qb1 37. Rd7 Nxb3 38. Qf4 Rf8 39. Be4 Qb2 40. Qh6 Qxe5 41. Bf3 Qb2 42. Rxe6 Nxc5 43. Rxg6+ fxg6 44. Qxg6+ Kh8 45. Qh6+ Kg8 46. Qg6+ Kh8 47. Qxh5+ Kg8 48. Bd5+ Rf7 49. Qxf7+ Kh8 50. Qh5# 1-0

[Event "Melbourne op"]
[Site "Melbourne"]
[Date "2024.04.07"]
[Round "9"]
[White "Li, Tedric"]
[Black "Shoker, Samy"]
[Result "0-1"]
[WhiteElo "1990"]
[BlackElo "2473"]
[PlyCount "124"]
[EventDate "2024.04.03"]
[EventType "swiss"]
[EventRounds "9"]
[EventCountry "AUS"]
[SourceTitle "CB18_2024"]
[SourceDate "2024.05.01"]
[SourceVersion "1"]
[SourceVersionDate "2024.05.01"]
[SourceQuality "2"]

1. d4 Nf6 2. c4 d6 3. Nc3 Nbd7 4. e4 e5 5. d5 g6 6. Nf3 Bg7 7. Bg5 h6 8. Bh4 0-0 9. Be2 a6 10. Nd2 c5 11. dxc6 bxc6 12. 0-0 Nc5 13. b4 Ne6 14. Nb3 Nf4 15. c5 g5 16. Bg3 d5 17. Bxf4 exf4 18. exd5 cxd5 19. Rc1 Rb8 20. Nd4 Qc7 21. Rb1 Rd8 22. Qd3 Ne4 23. Na4 Bd7 24. Nb6 Rxb6 25. cxb6 Qxb6 26. Rbd1 Qxb4 27. a3 Qb6 28. Bf3 Ba4 29. Rb1 Qxd4 30. Qxd4 Bxd4 31. Rb4 Bxf2+ 32. Rxf2 Nxf2 33. Rxa4 Ne4 34. Rxa6 Rb8 35. Kf1 Rb1+ 36. Ke2 Rb2+ 37. Ke1 Kg7 38. Ra5 Nf6 39. Kf1 Rd2 40. Ke1 Rd4 41. h3 h5 42. a4 Kg6 43. Ra8 Rb4 44. a5 g4 45. hxg4 hxg4 46. Be2 Rb1+ 47. Kd2 f3 48. gxf3 g3 49. Bd3+ Kg7 50. Bxb1 g2 51. a6 g1Q 52. a7 Qd4+ 53. Ke1 Qe3+ 54. Kd1 Qxf3+ 55. Kd2 Qf2+ 56. Kd1 Qf1+ 57. Kd2 Qf4+ 58. Kd1 Qd4+ 59. Kc1 Qe3+ 60. Kc2 Qe2+ 61. Kc1 Qa6 62. Bd3 Qc6+ 0-1

[Event "Titled Tuesday intern op 22nd Aug Early"]
[Site "Chess.com INT"]
[Date "2023.08.22"]
[Round "1"]
[White "Shohat, Yotam"]
[Black "Shoker, Samy"]
[Result "0-1"]
[WhiteElo "2332"]
[BlackElo "2472"]
[PlyCount "70"]
[EventDate "2023.08.22"]
[EventType "swiss (blitz)"]
[EventRounds "11"]
[EventCountry "USA"]
[SourceTitle "EXT 2024"]
[Source "ChessBase"]
[SourceDate "2023.10.10"]
[SourceVersion "1"]
[SourceVersionDate "2023.10.10"]
[SourceQuality "1"]

1. e4 d6 2. d4 Nf6 3. Nc3 g6 4. f4 Bg7 5. Bd3 Nc6 6. Nf3 Bg4 7. Be3 Nd7 8. Be2 e5 9. fxe5 dxe5 10. d5 Ne7 11. Qd2 Nc8 12. 0-0-0 Nd6 13. b3 a5 14. a4 0-0 15. Kb1 Qe7 16. h3 Bxf3 17. gxf3 Nf6 18. Bg5 Qe8 19. Rdg1 Nh5 20. h4 Kh8 21. Nb5 Qd7 22. Be3 Qe7 23. Qc3 Nf4 24. Bf1 Rfc8 25. h5 Nxh5 26. Rxh5 gxh5 27. Qd2 Bf6 28. Bc5 Rg8 29. Rxg8+ Kxg8 30. Bh3 Bg5 31. Qc3 Bf4 32. Bf5 b6 33. Ba3 Nxb5 34. axb5 Qxa3 35. Qe1 Qe7 0-1

[Event "Titled Tuesday intern op 22nd Aug Early"]
[Site "Chess.com INT"]
[Date "2023.08.22"]
[Round "11"]
[White "Shoker, Samy"]
[Black "Moral Garcia, Serafin"]
[Result "1-0"]
[WhiteElo "2472"]
[BlackElo "2250"]
[PlyCount "69"]
[EventDate "2023.08.22"]
[EventType "swiss (blitz)"]
[EventRounds "11"]
[EventCountry "USA"]
[SourceTitle "EXT 2024"]
[Source "ChessBase"]
[SourceDate "2023.10.10"]
[SourceVersion "1"]
[SourceVersionDate "2023.10.10"]
[SourceQuality "1"]

1. Nf3 Nf6 2. g3 g6 3. Bg2 Bg7 4. 0-0 0-0 5. d3 d5 6. Nbd2 c5 7. e4 Nc6 8. exd5 Nxd5 9. Re1 b6 10. Nb3 Bb7 11. d4 c4 12. Nbd2 b5 13. c3 Re8 14. a4 a6 15. Ne4 Qb6 16. Nfg5 Rad8 17. axb5 axb5 18. Nc5 e5 19. Bxd5 Rxd5 20. Qf3 Nd8 21. Nxb7 Qxb7 22. Ra7 Qxa7 23. Qxd5 Qb7 24. Qxb7 Nxb7 25. dxe5 Rxe5 26. Rd1 h6 27. Nf3 Re2 28. Kf1 Rc2 29. Ne1 Rxc1 30. Rxc1 Nc5 31. Ra1 Na4 32. Ra2 Kf8 33. Nc2 Nc5 34. Ra5 Nb3 35. Rxb5 1-0

[Event "Tainan CTCA op"]
[Site "Tainan"]
[Date "2023.08.16"]
[Round "5"]
[White "Ho, Nok Hang Jonathan"]
[Black "Shoker, Samy"]
[Result "0-1"]
[WhiteElo "1409"]
[BlackElo "2472"]
[PlyCount "76"]
[EventDate "2023.08.14"]
[EventType "swiss"]
[EventRounds "9"]
[EventCountry "TPE"]
[SourceTitle "EXT 2024"]
[Source "ChessBase"]
[SourceDate "2023.10.10"]
[SourceVersion "1"]
[SourceVersionDate "2023.10.10"]
[SourceQuality "1"]

1. e4 c5 2. Nf3 d6 3. Bb5+ Nd7 4. 0-0 a6 5. Bxd7+ Bxd7 6. d4 cxd4 7. Nxd4 Nf6 8. Re1 g6 9. c4 Bg7 10. Nc3 Rc8 11. Qd3 Ng4 12. Nf3 Qc7 13. h3 Ne5 14. Nxe5 Bxe5 15. b3 b5 16. Nd5 Qc6 17. cxb5 Qxb5 18. Qxb5 Bxb5 19. Rb1 Bd3 20. Bb2 Bxb1 21. Bxe5 dxe5 22. Rxb1 e6 23. Ne3 Ke7 24. Nc4 Rhd8 25. Rb2 Rd1+ 26. Kh2 Re1 27. f3 f5 28. exf5 gxf5 29. Kg3 Rd8 30. Rc2 Kf6 31. Kf2 Ra1 32. Re2 Rd5 33. Rc2 h5 34. Re2 h4 35. Rc2 Rdd1 36. Re2 f4 37. Nd2 Ke7 38. a4 a5 0-1

[Event "Auckland Wade Masters"]
[Site "Auckland"]
[Date "2023.01.18"]
[Round "7"]
[White "Shoker, Samy"]
[Black "Xie, Felix"]
[Result "1-0"]
[WhiteElo "2491"]
[BlackElo "2103"]
[PlyCount "59"]
[EventDate "2023.01.14"]
[EventType "tourn"]
[EventRounds "9"]
[EventCountry "NZL"]
[SourceTitle "CBM 212 Extra"]
[Source "ChessBase"]
[SourceDate "2023.03.31"]
[SourceVersion "1"]
[SourceVersionDate "2023.03.31"]
[SourceQuality "1"]

1. Nf3 d5 2. g3 c6 3. Bg2 Nf6 4. 0-0 Bg4 5. c4 e6 6. Qb3 Qb6 7. Qc2 Nbd7 8. b3 Bd6 9. Bb2 0-0 10. d3 h6 11. Nbd2 e5 12. a3 a5 13. Rac1 Rfe8 14. cxd5 cxd5 15. e4 d4 16. Nc4 Qa6 17. Nxd6 Qxd6 18. Nd2 Rac8 19. Qxc8 Rxc8 20. Rxc8+ Kh7 21. Rfc1 Qb6 22. f4 Be6 23. b4 axb4 24. f5 Ba2 25. Bf1 Ng4 26. Ra1 b3 27. Rac1 Qa6 28. R1c7 Nb6 29. Rf8 Na4 30. Rcc8 1-0

[Event "NZL-ch rapid op 130th"]
[Site "Wellington"]
[Date "2023.01.05"]
[Round "6"]
[White "Shoker, Samy"]
[Black "Cummings, Nick"]
[Result "1-0"]
[WhiteElo "2491"]
[BlackElo "1995"]
[PlyCount "93"]
[EventDate "2023.01.04"]
[EventType "swiss (rapid)"]
[EventRounds "9"]
[EventCountry "NZL"]
[SourceTitle "CBM 212 Extra"]
[Source "ChessBase"]
[SourceDate "2023.03.31"]
[SourceVersion "1"]
[SourceVersionDate "2023.03.31"]
[SourceQuality "1"]

1. Nf3 Nf6 2. g3 g6 3. Bg2 c5 4. c4 Bg7 5. Nc3 0-0 6. a3 Nc6 7. d3 a6 8. Rb1 Rb8 9. b4 cxb4 10. axb4 b5 11. cxb5 axb5 12. 0-0 Qc7 13. Bf4 e5 14. Bg5 Ne7 15. Qd2 d6 16. Rfc1 Qd7 17. d4 exd4 18. Nxd4 Bb7 19. e4 Ba8 20. f3 Ne8 21. Bf1 Nc7 22. Ndxb5 Nxb5 23. Nxb5 Nc8 24. Nc7 Na7 25. Nxa8 Rxa8 26. b5 Rab8 27. Qd3 Rfc8 28. Rxc8+ Nxc8 29. Be3 Nb6 30. Rd1 Bf8 31. f4 Qe8 32. Rb1 Qe6 33. f5 Qe7 34. Ra1 Qc7 35. Rc1 Qe7 36. Rc6 Nd7 37. Rc7 Qd8 38. Ra7 Ne5 39. Qd5 Qe8 40. Bf4 Bg7 41. Kg2 g5 42. Bxe5 Bxe5 43. Bc4 Kg7 44. Rxf7+ Kh6 45. Rc7 Bg7 46. Qxd6+ Kh5 47. Bf7+ 1-0

[Event "Titled Tuesday intern op 20th Dec Late"]
[Site "Chess.com INT"]
[Date "2022.12.20"]
[Round "8"]
[White "Shoker, Samy"]
[Black "Hansen, Eric"]
[Result "0-1"]
[WhiteElo "2491"]
[BlackElo "2609"]
[PlyCount "74"]
[EventDate "2022.12.20"]
[EventType "swiss (blitz)"]
[EventRounds "11"]
[EventCountry "USA"]
[SourceTitle "EXT 2024"]
[Source "ChessBase"]
[SourceDate "2023.10.10"]
[SourceVersion "1"]
[SourceVersionDate "2023.10.10"]
[SourceQuality "1"]

1. Nf3 d5 2. g3 Nf6 3. c4 c6 4. Bg2 e6 5. b3 Nbd7 6. 0-0 Bd6 7. Bb2 0-0 8. d3 a5 9. a3 e5 10. Nc3 d4 11. Nb1 Re8 12. Nbd2 c5 13. Re1 h6 14. e3 Rb8 15. Qc2 b6 16. exd4 cxd4 17. Nh4 Qc7 18. Ne4 Nxe4 19. Bxe4 Nf6 20. Bg2 Bb7 21. Nf5 Bf8 22. Bxb7 Qxb7 23. Re2 b5 24. c5 Qc8 25. Nd6 Bxd6 26. cxd6 Qd7 27. Qc7 Rbc8 28. Qxa5 Rc5 29. a4 Rd5 30. Ba3 e4 31. dxe4 d3 32. Re3 Rh5 33. h4 Qh3 34. d7 Ng4 35. dxe8Q+ Kh7 36. Qad8 Qh2+ 37. Kf1 Qh1# 0-1

[Event "Titled Tuesday intern op 20th Dec Late"]
[Site "Chess.com INT"]
[Date "2022.12.20"]
[Round "3"]
[White "Shoker, Samy"]
[Black "Lazavik, Denis"]
[Result "0-1"]
[WhiteElo "2491"]
[BlackElo "2537"]
[PlyCount "108"]
[EventDate "2022.12.20"]
[EventType "swiss (blitz)"]
[EventRounds "11"]
[EventCountry "USA"]
[SourceTitle "EXT 2024"]
[Source "ChessBase"]
[SourceDate "2023.10.10"]
[SourceVersion "1"]
[SourceVersionDate "2023.10.10"]
[SourceQuality "1"]

1. c4 Nf6 2. g3 e6 3. Bg2 d5 4. Nf3 Be7 5. b3 0-0 6. Bb2 c5 7. 0-0 Nc6 8. e3 b6 9. Nc3 Bb7 10. cxd5 Nxd5 11. Nxd5 Qxd5 12. d4 Qf5 13. Ne5 Nxe5 14. Bxb7 Rab8 15. Bg2 Rfd8 16. Qb1 Qxb1 17. Raxb1 Nd3 18. Bc3 cxd4 19. Bxd4 Nb4 20. a4 Bf6 21. Bxf6 gxf6 22. Rfd1 Kf8 23. Rbc1 Rxd1+ 24. Rxd1 Ke7 25. Rc1 Rd8 26. Rc7+ Rd7 27. Rxd7+ Kxd7 28. Kf1 Kd6 29. Ke2 Kc5 30. Kd2 f5 31. Bf3 a5 32. Bh5 f6 33. Bf7 Kd6 34. Kc3 Nd5+ 35. Kc4 Nc7 36. Bg8 h6 37. Bh7 Ke5 38. Kd3 Kd5 39. e4+ fxe4+ 40. Bxe4+ Kc5 41. h4 f5 42. Bg2 Ne8 43. f3 Nf6 44. Bh3 Nh5 45. Ke3 Nxg3 46. Kf4 Ne2+ 47. Ke5 Nd4 48. f4 Nxb3 49. Kxe6 Nd4+ 50. Kf6 b5 51. axb5 a4 52. Bf1 a3 53. b6 a2 54. b7 Nc6 0-1

[Event "Titled Tuesday intern op 20th Dec Late"]
[Site "Chess.com INT"]
[Date "2022.12.20"]
[Round "5"]
[White "Shoker, Samy"]
[Black "Sarana, Alexey"]
[Result "0-1"]
[WhiteElo "2491"]
[BlackElo "2668"]
[PlyCount "206"]
[EventDate "2022.12.20"]
[EventType "swiss (blitz)"]
[EventRounds "11"]
[EventCountry "USA"]
[SourceTitle "EXT 2024"]
[Source "ChessBase"]
[SourceDate "2023.10.10"]
[SourceVersion "1"]
[SourceVersionDate "2023.10.10"]
[SourceQuality "1"]

1. Nf3 d5 2. g3 g6 3. Bg2 Bg7 4. c4 c6 5. Qa4 Nf6 6. cxd5 Nxd5 7. d4 0-0 8. 0-0 Nb6 9. Qc2 Bg4 10. Rd1 Na6 11. a3 Rc8 12. Nc3 Qd6 13. Bf4 Qe6 14. h3 Bxf3 15. exf3 Rfd8 16. Re1 Qd7 17. Be5 Nc7 18. Rad1 Ne6 19. h4 f6 20. Bh3 Re8 21. Bf4 f5 22. Be5 Nd5 23. Re2 Nd8 24. Rde1 Nf7 25. f4 e6 26. Bf1 h5 27. Na4 b6 28. b4 Bf8 29. Qb3 Nxe5 30. dxe5 c5 31. bxc5 bxc5 32. Rd2 Rb8 33. Qc2 Qf7 34. Nc3 Nb6 35. Red1 c4 36. a4 Bb4 37. Rd4 Rbc8 38. Nb5 a5 39. Nd6 Bxd6 40. exd6 Red8 41. Rb1 Rc6 42. Rb5 Qa7 43. Qc3 Rcxd6 44. Rxd6 Rxd6 45. Qf6 Qf7 46. Qe5 Qc7 47. Rxa5 Rc6 48. Qf6 Kh7 49. Re5 c3 50. Bd3 c2 51. Bxc2 Rxc2 52. Rxe6 Nd5 53. Qe5 Qxe5 54. Rxe5 Nb4 55. a5 Ra2 56. Rb5 Nc6 57. Rb7+ Kh6 58. Rb6 Nxa5 59. Ra6 Ra3 60. Kg2 Nc4 61. Rc6 Nd2 62. Rc2 Ne4 63. f3 Nf6 64. Rb2 Nd5 65. Rd2 Ne3+ 66. Kf2 Nc4 67. Rc2 Nd6 68. Rd2 Nb5 69. Rb2 Nd4 70. Rb8 Rxf3+ 71. Kg2 Rc3 72. Rd8 Rc2+ 73. Kf1 Nf3 74. Rh8+ Kg7 75. Rd8 Nh2+ 76. Kg1 Ng4 77. Kf1 Ne3+ 78. Ke1 Rg2 79. Rd7+ Kf6 80. Rd6+ Kf7 81. Rd7+ Ke6 82. Rd3 Ng4 83. Kf1 Rf2+ 84. Kg1 Re2 85. Ra3 Re3 86. Ra6+ Kf7 87. Kg2 Re2+ 88. Kg1 Re6 89. Ra7+ Kf6 90. Ra8 Rc6 91. Kg2 Ke6 92. Re8+ Kd5 93. Rg8 Kd4 94. Re8 Kd3 95. Kg1 Rc1+ 96. Kg2 Rc2+ 97. Kg1 Ne3 98. Re6 Ke2 99. Rxg6 Kf3 100. g4 Rc1+ 101. Kh2 Nf1+ 102. Kg1 Ng3+ 103. Kh2 Rh1# 0-1

[Event "Titled Tuesday intern op 08th Feb Late"]
[Site "Chess.com INT"]
[Date "2022.02.08"]
[Round "9"]
[White "Shoker, Samy"]
[Black "Riehle, Marco"]
[Result "1-0"]
[WhiteElo "2491"]
[BlackElo "2341"]
[PlyCount "95"]
[EventDate "2022.02.08"]
[EventType "swiss (blitz)"]
[EventRounds "11"]
[EventCountry "USA"]
[SourceTitle "CBM 206 Extra"]
[Source "ChessBase"]
[SourceDate "2022.03.31"]
[SourceVersion "1"]
[SourceVersionDate "2022.03.31"]
[SourceQuality "1"]

1. Nf3 Nf6 2. g3 d5 3. Bg2 c5 4. c4 Nc6 5. cxd5 Nxd5 6. Nc3 Nc7 7. 0-0 e5 8. a3 Be6 9. b4 f6 10. bxc5 Bxc5 11. Rb1 Rb8 12. e3 0-0 13. Re1 Qd7 14. Bb2 Rfd8 15. Qc2 Rbc8 16. Rbd1 Qf7 17. Rc1 Bf8 18. Qb1 Nd5 19. Ne4 Na5 20. Rxc8 Rxc8 21. d4 exd4 22. Nxd4 Bd7 23. Rc1 Qe8 24. Qa2 Rxc1+ 25. Bxc1 Bc6 26. Nxf6+ gxf6 27. Bxd5+ Kh8 28. Nxc6 Nxc6 29. Bb2 Bg7 30. Qc4 h6 31. Qe4 Qd7 32. Qe6 Qd8 33. Bxc6 bxc6 34. Qxc6 a5 35. Bd4 Qe7 36. a4 Qb4 37. Bxf6 Bxf6 38. Qxf6+ Kg8 39. Qg6+ Kf8 40. Qxh6+ Kg8 41. Qg5+ Kh7 42. Qh4+ Kg7 43. Kg2 Qb7+ 44. e4 Qf7 45. Qg5+ Kh7 46. Qf5+ Kg7 47. Qxf7+ Kh8 48. Qd5 1-0

[Event "Titled Tuesday intern op 08th Feb Late"]
[Site "Chess.com INT"]
[Date "2022.02.08"]
[Round "2"]
[White "Shoker, Samy"]
[Black "Romanchuk, Viktor"]
[Result "1-0"]
[WhiteElo "2491"]
[BlackElo "2266"]
[PlyCount "105"]
[EventDate "2022.02.08"]
[EventType "swiss (blitz)"]
[EventRounds "11"]
[EventCountry "USA"]
[SourceTitle "CBM 206 Extra"]
[Source "ChessBase"]
[SourceDate "2022.03.31"]
[SourceVersion "1"]
[SourceVersionDate "2022.03.31"]
[SourceQuality "1"]

1. Nf3 d5 2. c4 c6 3. g3 Nf6 4. Bg2 Bg4 5. Ne5 Bh5 6. cxd5 Nxd5 7. Nc3 e6 8. 0-0 Nd7 9. Nc4 Be7 10. d3 0-0 11. Bd2 Nc5 12. Rc1 Nxd3 13. Rb1 Nc5 14. Re1 Bf6 15. a3 Nd3 16. Rf1 Nxb2 17. Rxb2 Nxc3 18. Bxc3 Bxc3 19. Rxb7 Qxd1 20. Rxd1 Bxe2 21. Rc1 Bxc4 22. Rxc3 Bd5 23. Bxd5 cxd5 24. Rcc7 Rac8 25. Rxa7 Rxc7 26. Rxc7 Ra8 27. Rc3 d4 28. Rb3 e5 29. Kf1 g6 30. Ke2 Rc8 31. Kd3 f5 32. a4 Kf7 33. a5 Ra8 34. Ra3 Ra6 35. Kc4 Ke6 36. Kb5 Rd6 37. a6 d3 38. a7 d2 39. Ra1 Rd8 40. Rd1 e4 41. Rxd2 Rxd2 42. a8Q Rxf2 43. Qc6+ Kf7 44. Qc4+ Ke8 45. Qg8+ Ke7 46. Qxh7+ Kf6 47. Qh8+ Kf7 48. Qh7+ Kf6 49. Kc4 Rf3 50. Qh8+ Kf7 51. Kd4 e3 52. Kd3 g5 53. Qh5+ 1-0

[Event "Titled Tuesday intern op 08th Feb Late"]
[Site "Chess.com INT"]
[Date "2022.02.08"]
[Round "7"]
[White "Shoker, Samy"]
[Black "Velikanov, Alexander"]
[Result "1-0"]
[WhiteElo "2491"]
[BlackElo "2337"]
[PlyCount "167"]
[EventDate "2022.02.08"]
[EventType "swiss (blitz)"]
[EventRounds "11"]
[EventCountry "USA"]
[SourceTitle "CBM 206 Extra"]
[Source "ChessBase"]
[SourceDate "2022.03.31"]
[SourceVersion "1"]
[SourceVersionDate "2022.03.31"]
[SourceQuality "1"]

1. Nf3 Nf6 2. g3 g6 3. Bg2 Bg7 4. 0-0 0-0 5. c4 d6 6. Nc3 e5 7. d3 a5 8. Rb1 c6 9. a3 Re8 10. Nd2 d5 11. b4 axb4 12. axb4 Bg4 13. h3 Be6 14. Bb2 Qd7 15. Kh2 Na6 16. b5 Nc7 17. Nf3 Qd6 18. bxc6 bxc6 19. Nxe5 Qxe5 20. Nxd5 Qxb2 21. Rxb2 cxd5 22. Rb7 Rac8 23. c5 d4 24. Qa4 Nfd5 25. Qa5 Ra8 26. Qd2 Rac8 27. Ra1 Nc3 28. c6 Bd5 29. Qf4 Be5 30. Qh4 Bxg2 31. Kxg2 Re6 32. Qg4 Rce8 33. Qf3 N3d5 34. Raa7 Rxc6 35. h4 h5 36. Ra5 Rf6 37. Qe4 Nc3 38. Qxe5 Rxe5 39. Rxe5 N7d5 40. Rb8+ Kg7 41. Rd8 Rf5 42. Rxf5 gxf5 43. Kf3 Kf6 44. Rd6+ Ke5 45. Ra6 Nf6 46. Ra5+ Ncd5 47. e3 dxe3 48. fxe3 Ke6 49. Ra6+ Ke5 50. Ra5 Ke6 51. Rb5 Nd7 52. e4 fxe4+ 53. dxe4 Ne5+ 54. Kg2 Nf6 55. Rb6+ Ke7 56. Rb7+ Kf8 57. Rb6 Nxe4 58. Rh6 Kg7 59. Rxh5 f6 60. Rf5 Kg6 61. Rf4 Nd6 62. Ra4 Nf5 63. Kh3 Ne3 64. Ra8 N3g4 65. Rg8+ Kf5 66. h5 Nh6 67. Rg7 Nef7 68. Rg6 Ke5 69. g4 Kf4 70. Kh4 Ke5 71. Kh3 Ke6 72. Kh4 Ke5 73. Rg7 Ng5 74. Rxg5+ fxg5+ 75. Kxg5 Nf7+ 76. Kg6 Ke6 77. h6 Ke7 78. Kg7 Ng5 79. h7 Nf7 80. g5 Nxg5 81. h8Q Ne6+ 82. Kg6 Nf8+ 83. Kf5 Ne6 84. Qf6+ 1-0